Vývoj produktivity práce v rokoch 2001 až 2013 podľa regiónov bakalárska práca

Na minha lista:
Detalhes bibliográficos
Autor principal: Benda, Martin
Autor Corporativo: Fakulta hospodárskej informatiky EU. Katedra štatistiky
Outros Autores: Bolgáč, Ján, 1959-
Formato: Livro
Idioma:eslovaco
Publicado em: Bratislava 2016
Tags: Adicionar Tag
Sem tags, seja o primeiro a adicionar uma tag!

MARC

LEADER 00000nbm a2200000 4500
001 0219106
005 20170320145815.1
041 0 |a slo 
044 |a SK 
245 1 0 |a Vývoj produktivity práce v rokoch 2001 až 2013 podľa regiónov  |b bakalárska práca  |c Martin Benda ; školiteľ: Ján Bolgáč 
264 1 |a Bratislava  |c 2016 
300 |a 52 s. 
100 1 |a Benda, Martin 
700 1 |a Bolgáč, Ján, 1959- 
710 2 |a Fakulta hospodárskej informatiky EU. Katedra štatistiky